'The Christmas Song' Lyrics Quiz Stats

 Plays Quiz Updated Sep 17, 2018

Score 0/112 Timer 05:00
13 Plays Today
% Correct
a
93.9%
a
93.9%
Christmas
88.9%
an
88.3%
the
87%
you.'
86.7%
to
84.4%
to
84.4%
to
84.4%
to
84.4%
to
84.4%
to
84.4%
to
84.4%
to
84.4%
on
83.9%
on
83.9%
on
83.9%
and
80.3%
and
80.3%
and
80.3%
And
80.3%
And
80.3%
'Merry
78.2%
your
77.6%
at
76.7%
fire,
75.6%
open
75.4%
so
75.1%
roasting
75%
Chestnuts
74.8%
it
74.4%
Frost
73.3%
Jack
73.1%
nose,
72.8%
nipping
72.5%
of
67.4%
every
65.5%
know
65.4%
% Correct
know
65.4%
way.
64.3%
by
63.6%
up
63.3%
all
63.3%
is
62.9%
like
62.1%
carols
60.3%
sung
60.1%
being
60%
that
59.8%
Eskimos.
59.6%
his
59.4%
his
59.4%
one
59.4%
dressed
59.3%
child
59.3%
if
59.3%
it's
59.2%
Yuletide
59%
choir,
58.7%
They
58.5%
from
58.4%
this
58.1%
mistletoe
57.8%
sleigh.
57.6%
folks
57.2%
with
57.2%
some
56.9%
how
56.7%
Santa's
56.7%
I'm
56.2%
will
55.9%
many
55.6%
many
55.6%
reindeer
55.3%
two,
55.1%
been
55.1%
% Correct
make
55%
times,
55%
Everybody
54.8%
bright.
54.8%
their
54.7%
knows
54.6%
see
54.5%
said
54.5%
toys
54%
ways,
53.9%
ninety-
53.3%
fly.
52.9%
season
52.9%
kids
52.7%
lots
52.7%
mother's
52.3%
really
52.2%
turkey
51.9%
eyes
51.8%
tonight.
51.8%
sleep
51.7%
aglow
51.5%
He's
51.5%
simple
51.4%
Tiny
51.3%
offering
51.3%
goodies
51.2%
tots
51.2%
help
50.6%
find
50.4%
hard
50.3%
Although
48%
phrase,
47.9%
going
45.3%
loaded
42.3%
spy
41.4%

You're not logged in!

Compare scores with friends on all Sporcle quizzes.
OR
Log In

Sporcle TV

Today on Sporcle TV


Watch our educational content, quiz creation guides, and fun videos on Sporcle TV.

Show Comments

Extras

Top Quizzes Today


Score Distribution

Your Account Isn't Verified!

In order to create a playlist on Sporcle, you need to verify the email address you used during registration. Go to your Sporcle Settings to finish the process.

Report this User

Report this user for behavior that violates our Community Guidelines.

Details: